El vizconde de Beziers (Registro nro. 165637)

Detalles MARC
000 -LEADER
campo de control de longitud fija 00642nam a22001815i 4500
001 - NÚMERO DE CONTROL
campo de control 165637
003 - IDENTIFICADOR DE NÚMERO DE CONTROL
campo de control ES-MaACL
005 - FECHA Y HORA DE LA ÚLTIMA TRANSACCIÓN
campo de control 20250703063543.0
008 - DATOS DE LONGITUD FIJA--INFORMACIÓN GENERAL
campo de control de longitud fija 050905s1853 sp a | |||||||| ||spa d
040 ## - FUENTE DE CATALOGACIÓN
Centro catalogador/agencia de origen CAM
Lengua de catalogación spa
Centro/agencia transcriptor CAM
100 1# - ENTRADA PRINCIPAL--NOMBRE DE PERSONA
Nombre de persona Soulié, Frédéric,
Fechas asociadas al nombre 1800-1847
9 (RLIN) 107564
245 13 - MENCIÓN DEL TÍTULO
Título El vizconde de Beziers
Resto del título : novela /
Mención de responsabilidad, etc. por Federico Soulié.
260 ## - PUBLICACIÓN, DISTRIBUCIÓN, ETC.
Lugar de publicación, distribución, etc. Madrid :
Nombre del editor, distribuidor, etc. [s.n.],
Fecha de publicación, distribución, etc. 1853 (
Fabricante Establecimiento tipografico de Mellado)
300 ## - DESCRIPCIÓN FÍSICA
Extensión 138 p., [20] h. de lám. ;
Dimensiones 23 cm.
752 ## - ENTRADA AGREGADA--NOMBRE JERÁRQUICO DEL LUGAR
País o entidad superior España -
Ciudad Madrid
852 ## - LOCALIZACIÓN
Ubicación ES-MaACL
Número de control de estantería C-2812(4)
Nota libre -- Enc. hol.
-- -- Enc. en un vol. facticio
Existencias
Estatus retirado Estado de pérdida Estado de daño No para préstamo Colección Biblioteca de origen Biblioteca actual Ubicación en estantería Fecha de adquisición Fuente de adquisición Total de préstamos Signatura topográfica completa Código de barras Visto por última vez Precio de reemplazo Tipo de ítem Koha
        Libros del s. XIX Biblioteca del Ateneo de Madrid Biblioteca del Ateneo de Madrid Sala Palomar 17/01/2008     C-2812(4) 1173707 23/02/2023 23/02/2023 Libro impreso antiguo